00723nam a2200169Ia 4500003000400000005001700004008004100021040002100062041000800083082001400091245005800105260005400163300005500217490002000272520023800292650002300530OSt20200615145113.0191128t1986 ck a gr 000 j spa d aCO-JMCRcCO-JMCR0 aspa aH /bDESd13aEl destino de un hombre : bla historia de José /  aBogotá : bSociedades Biblicas Unidas, c©1986 a32 Páginas : bilustraciones a color ; c25 cm.0 aHeroes de la fe aDespués de vivir diecisiete años en egipto, Jacob murió. A su debido tiempo también murieron José y sus hermanos; pero sus descendientes, los israelitas, tuvieron muchos hijos y llegaron a ser tantos que llenaron el país.14aHistoia La Biblia